000 01116nam a2200301 a 4500
001 000036895
003 DO-SdBNP
005 20240715140508.0
007 ta
008 120203s2011 dr a 000 0 spa d
020 _a9789945074376
040 _aDO-SdBNP
_bspa
_cBNPHU
082 4 _a972.93
_bC343r
_222
100 1 _aCassá, Roberto,
_d1948-
_910888
245 1 0 _aRebelión de los capitanes :
_bviva el rey y muera el mal gobierno /
_cRoberto Cassá ; prólogo Raymundo González.
260 _aSanto Domingo :
_bArchivo General de la Nación :
_bUASD,
_c2011.
300 _a514 p. :
_bil. ;
_c24 cm.
490 1 _aArchivo General de la Nación
_v147
500 _aIncluye bibliografía y notas al pie de páginas.
504 _aBibliografía : p. 471-472.
590 _aInventariado, 2019/MFF
651 4 _aRepúblia Dominicana
_xHistoria
_yHasta 1844-
_954407
651 0 _aRepública Dominicana --
_xHistoria --
_y1961-
_96572
700 _aGonzález, Raymundo
_epról.
_96373
710 1 _aUniversidad Autónoma de Santo Domingo
_972951
910 _aValidado. Control de calidad EMS.
942 _2ddc
_cLBS1
999 _c36386
_d36386